000 01228nam a2200265 a 4500
003 BLK
005 20250709173439.0
008 221206b bu ||||| |||| 00| 0 bu d
020 _a9786199182345
040 _aBLK
041 _aBUL
_cBUL
080 _aБългарска литература
_b821.163.2
_x-9
_z821.163.2-9
080 _aДруги видове песни. Изпълнители
_b784.7.071.2
_x(497.2)
_z784.7.071.2(497.2)
080 _aБългарски поп изпълнител, музикален продуцент, инструменталист, художник, текстописец
_b929 Киров, Любомир Цветанов
_z929 Киров, Любомир Цветанов
100 _aКиров, Любо
_9488926
_d1972
_qКиров, Любомир Цветанов
245 _aВсичко е имало смисъл
_cпредг. Любо Киров
260 _9221615
_aСофия
_bCatch a Story
_c2022
_n978-619-90967-
300 _a260 с.
_bсъс сн.
_c24 см
380 _aX
852 _aЦб 319465
_bЦб
856 _i0.00
_ldisable
942 _cKNG
_n0
_077
_s1
944 _aED
_c2023-08-15
_k30576
_lЦветомила Тодорова
999 _c484438
_d484438